| 000 | 01479 a2200205 4500 | ||
|---|---|---|---|
| 020 | _a0471451878 | ||
| 020 | _a9780471451877 | ||
| 082 | 0 | 4 | _a381 |
| 090 |
_c975 _d975 |
||
| 100 | 1 | _aKotabe, Masaaki. | |
| 245 | 1 | 0 |
_aGlobal marketing management / _cMasaaki Kotabe. |
| 250 | _a3rd International edition ed. | ||
| 260 |
_a[S.l.] : _bJohn Wiley & Sons, _c2004. |
||
| 300 |
_a694 p. ; _c28 cm. |
||
| 500 | _aHardcover. | ||
| 520 | _aThe ultimate objective of this book is to help readers prepare for the 21st Century and become an effective manager overseeing global marketing activities in an increasingly competitive environment. Rather than being bound by the traditional bilateral (international) view of competition and marketing, Kotabe and Helsen emphasize the multilateral (global) nature of marketing. This global approach also presents marketing in a cross- functional approach to the business operation. Global orientation- This book takes the view that the term, "global" epitomizes the competitive pressure and market opportunities from around the world and the firm's need to optimize its market performance on a global basis. Proactive Orientation- Presents a balanced approach between an outside/in and inside/out marketing perspective. | ||
| 856 | 4 | 0 |
_3Amazon.com _uhttp://www.amazon.com/exec/obidos/ASIN/0471451878/chopaconline-20 |
| 856 | 4 | 0 |
_3Amazon customer reviews _uhttp://www.chopac.org/cgi-bin/tools/azrev.pl?q=0471451878 |
| 942 |
_aNBS _cBK _k658.848 KOT |
||
| 999 |
_c343513 _d343513 |
||